Kamus pelajar bahasa Malaysia

Bibliographic Details
Format: Book
Language:Malay
Published: Kuala Lumpur : Dewan Bahasa Dan Pustaka 2009
Edition:Edisi Kedua
Subjects:

MARC

LEADER 00000cam a2200000 7i4500
001 0000025675
005 20240918.0
008 221014 my # may
020 |a 9789834602536 (pbk) 
040 |a INS   |b eng   |e rda 
090 0 0 |a RPL5087.2   |b .K36 2009 
245 0 0 |a Kamus pelajar bahasa Malaysia 
250 |a Edisi Kedua 
264 1 |a Kuala Lumpur :   |b Dewan Bahasa Dan Pustaka   |c 2009 
300 |a xxiv, 925 pages ;   |c 22 cm. 
336 |a text  |2 rdacontent 
337 |a unmediated  |2 rdamedia 
338 |a volume  |2 rdacarrier 
650 0 |a Malay language   |v Dictionaries 
999 |a 1000002022   |b BOOK   |c Red Spot   |e Default branch